000 00790nam a22002297a 4500
001 44655
003 BD-RjUL
005 20211209053909.0
008 160718s1977 ii ||||| |||| 00| 0 ben d
035 _a(BD-RjUL)44773
040 _aBD-RjUL
_bben
_cBD-RjUL
041 _aben
082 _223
_a730.95414
_bGHG 1977
100 _aঘোষ, প্রদ্যোত
_9136973
245 1 0 _aগৌড়-বঙ্গের স্থাপত্য /
_cপ্রদ্যোত ঘোষ
260 _aকলিকাতা :
_bএ.মুখার্জী,
_c১৯৭৭
300 _a খণ্ড :
_bচিত্র ;
_c২৪ সেমি.
505 0 _aখণ্ড ১ --
650 _aSculpture
_9136974
650 _aভাস্কর্য
_9136975
942 _2ddc
_cBK
999 _c44655
_d44655